00330nam a2200145Ia 4500003000400000005001700004008004100021040000700062041000800069082002100077100002700098245002500125260002600150365000800176OSt20230607153311.0210423s1984 xx 000 0 und d cAL aeng a362.1 223bVELH aVELIATH (Augustie),Ed. aHealth for millions. aNew DelhibVHAIc1984 cINR